000
00372nam a22001577a 4500
003
MPLRDC
005
20220104142829.0
008
210129b ||||| |||| 00| 0 eng d
082
_a
857.63 MJ v.11
100
_a
孟君
245
_a
三个男人
_c
260
_a
_b
海滨图书公司
_c
300
_b
平
650
_a
短篇小说--别集
942
_c
BK
_o
857.63 MJ v.11
999
_c
34053
_d
34043